Focus (Record no. 82163)
[ view plain ]
| 000 -LEADER | |
|---|---|
| fixed length control field | 00935cam a22002055a 4500 |
| 001 - CONTROL NUMBER | |
| control field | L149381 |
| 008 - FIXED-LENGTH DATA ELEMENTS--GENERAL INFORMATION | |
| fixed length control field | 100226s2010 xxk 000 0 eng d |
| 035 ## - SYSTEM CONTROL NUMBER | |
| System control number | (Sirsi) u149381 |
| 041 0# - LANGUAGE CODE | |
| Language code of text/sound track or separate title | eng |
| 100 1# - MAIN ENTRY--PERSONAL NAME | |
| Personal name | Pilkington, Lisa |
| 245 00 - TITLE STATEMENT | |
| Title | Focus |
| Remainder of title | East Midlands industrial |
| 260 ## - PUBLICATION, DISTRIBUTION, ETC. | |
| Date of publication, distribution, etc. | 2010 |
| 490 ## - SERIES STATEMENT | |
| Series statement | Estates Gazette |
| 520 ## - SUMMARY, ETC. | |
| Summary, etc. | Predictions for East Midlands' industrial and distribution market for 2010 from an agent, a developer and a banker; optimism for East Midlands' industrial market is illustrated by Vertical Park, a massive scheme near Worksop; the appeal of major schemes close to the M1 compared with the centre of Nottingham, Derby and Leicester; knock-on effects of Northamptonshire's strength as a distribution hub. |
| 590 ## - LOCAL NOTE (RLIN) | |
| Local note | KA |
| 651 #4 - SUBJECT ADDED ENTRY--GEOGRAPHIC NAME | |
| Geographic name | East Midlands (England) |
| 690 ## - LOCAL SUBJECT ADDED ENTRY--TOPICAL TERM (OCLC, RLIN) | |
| Topical term or geographic name as entry element | PROPERTY-INDUSTRIAL PROPERTY-DISTRIBUTION CENTRE PROPERTY-DISTRIBUTION CENTRES |
| 700 1# - ADDED ENTRY--PERSONAL NAME | |
| Personal name | Jacobs, Kurt |
| 942 ## - ADDED ENTRY ELEMENTS (KOHA) | |
| Suppress in OPAC | 0 |
| Withdrawn status | Lost status | Source of classification or shelving scheme | Damaged status | Not for loan | Home library | Current library | Shelving location | Date acquired | Total Checkouts | Full call number | Barcode | Date last seen | Copy number | Price effective from | Koha item type |
|---|---|---|---|---|---|---|---|---|---|---|---|---|---|---|---|
| Dewey Decimal Classification | London | London | Journal article | 26/02/2010 | L149381 | 149381-1001 | 06/08/2019 | 1 | 06/08/2019 | Journal article |